[Event "It \"]
[Site "masterchessopen.com Bad Homburg (Germany)"]
[Date "2007.06.07"]
[Round "3"]
[White "Riha Peter (GER)"]
[Black "Hillgaertner Walter (GER)"]
[Result "0-1"]
[WhiteElo "1827"]
[BlackElo "2046"]

1.d4 Nf6 2.c4 g6 3.Nc3 Bg7 4.e4 d6 5.f4 O-O 6.Nf3 c5 7.dxc5 Qa5 8.Bd3 Qxc5
9.Qe2 Nc6 10.Be3 Qa5 11.O-O Bg4 12.h3 Bxf3 13.Rxf3 Nd7 14.Rc1 Nd4 15.Bxd4
Bxd4+ 16.Kh2 Bxc3 17.Rxc3 Qc5 18.Qe3 a5 19.Bc2 Rfc8 20.Qd3 Qa7 21.Qe2 Qb8
22.Kh1 Rf8 23.Rf1 Ra6 24.Ba4 Nc5 25.Bb5 Ra8 26.Rd1 Qc7 27.Rc2 Rad8 28.Qe3 f5
29.exf5 Rxf5 30.Re2 e6 31.g3 Qg7 32.Kh2 Qf8 33.Red2 Qe7 34.Qa3 Qc7 35.Rd4 Rff8
36.Qf3 Kg7 37.Qg2 Qe7 38.Qd2 Qf6 39.Qc2 e5 40.Rd5 exf4 41.g4 f3 42.Qf2 Qf4+
43.Kg1 Ne4 {#R} 0-1

[Event "Ch Belgium (open)"]
[Site "masterchessopen.com Namur (Belgium)"]
[Date "2007.06.30"]
[Round "1"]
[White "Uhoda Philippe (BEL)"]
[Black "Van Den Eede Gerrit (BEL)"]
[Result "1-0"]
[WhiteElo "2111"]
[BlackElo "1816"]

1.d4 Nf6 2.c4 g6 3.Nc3 Bg7 4.e4 d6 5.f4 c5 6.dxc5 Qa5 7.Bd3 Qxc5 8.Qe2 Nc6
9.Nf3 O-O 10.Be3 Qa5 11.Rc1 Bg4 12.O-O Rac8 13.Kh1 h5 14.a3 h4 15.Qf2 h3
16.gxh3 Bxh3 17.Rg1 Bg4 18.Ng5 Bh5 19.Qh4 Nd7 20.Be2 Nf6 21.Nd5 Nxd5 22.cxd5
Nd4 23.Bxh5 gxh5 24.Qxh5 Rfe8 25.Qxf7+ Kh8 26.Bxd4 {#r} 1-0

[Event "Cup Dvorkovich (juniors) (team)"]
[Site "masterchessopen.com Moscow (Russia)"]
[Round "3"]
[White "Sieciechowicz Marcin (POL)"]
[Black "Vovk Andrey (UKR)"]
[Result "1-0"]
[WhiteElo "2246"]
[BlackElo "2478"]

1.d4 Nf6 2.c4 g6 3.Nc3 Bg7 4.e4 d6 5.f4 c5 6.dxc5 Qa5 7.Bd3 Qxc5 8.Qe2 Nc6
9.Nf3 O-O 10.Be3 Qa5 11.O-O Bg4 12.Rac1 Nd7 13.Qf2 Bxf3 14.gxf3 Nc5 15.Bb1 Na4
16.Nxa4 Qxa4 17.Rfd1 b6 18.Kh1 Rac8 19.f5 Ne5 20.Qe2 Qc6 21.f4 Nd7 22.Qg2 Kh8
23.e5 Qxg2+ 24.Kxg2 Nc5 25.b4 Na6 26.f6 exf6 27.exd6 Rfd8 28.c5 bxc5 29.bxc5
Nb4 30.Be4 Nc6 31.d7 Rc7 32.Rd6 Ne7 33.c6 f5 34.Bf3 Bf8 35.Rd3 g5 36.fxg5 Ng6
37.Rd5 Ba3 38.Rc4 Be7 39.Ra5 Ra8 40.Rxa7 Raxa7 41.Bxa7 Ne5 42.Bd4 {#r} 1-0

[Event "It (open)"]
[Site "masterchessopen.com Kavala (Greece)"]
[Date "2007.08.05"]
[Round "2"]
[White "Kapnisis Spyridon (GRE)"]
[Black "Gelashvili Tamaz (GEO)"]
[Result "0-1"]
[WhiteElo "2411"]
[BlackElo "2618"]

{ Kapnisis Spyridon (GRE) +2 =0 -1 } 1.d4 Nf6 2.c4 g6 3.Nc3 Bg7 4.e4 d6 5.f4
O-O 6.Nf3 c5 7.dxc5 Qa5 8.Bd3 Qxc5 9.Qe2 Nc6 10.Be3 Qa5 11.O-O Bg4 12.Rac1 Nd7
13.Qf2 Bxf3 14.gxf3 Nc5 ( 14...a6 15.Kh1 e6 16.Bb1 Qc7 17.Rfd1 Nf6 18.Nd5 exd5
19.cxd5 Nh5 20.Bb6 Qe7 21.dxc6 bxc6 22.Rxc6 Nxf4 23.Rcxd6 Be5 24.R6d2 Rfb8
25.Bc5 Qf6 26.b3 Rc8 27.Be3 Rc3 28.Bd3 Nh3 29.Qf1 Nf4 30.Bg1 Ne6 31.Be2 a5
32.Rd3 { 1/2-1/2, Bisguier Arthur B 2256 - Petrosian Tigran V 2580 , New York
1954 Match "URS-USA" } ) ( 14...Rfc8 15.a3 Qd8 16.b4 b6 17.Kh1 Qf8 18.Rg1 Rab8
19.Rg3 Nf6 20.Rh3 e6 21.Qh4 Nh5 22.Ne2 f5 23.Rg1 Kh8 24.Qf2 Ne7 25.c5 bxc5
26.bxc5 dxc5 27.Bxc5 Qd8 28.Bxe7 Qxd3 29.e5 Qd7 30.Bd6 Rb2 31.Rxh5 gxh5 32.Qe1
Rcc2 33.Qh4 Rxe2 34.Qxh5 { ...0-1, Netolitzky Gregor 2228 - Martinovic
Slobodan 2500 , Wattens 1996 It (open) } ) 15.Bb1 Na4 { = } 16.Nd1 { -0.22 CAP
} ( 16.Nxa4 Qxa4 17.Rfd1 b6 18.Kh1 Rac8 19.h4 Rc7 20.h5 Nb4 21.hxg6 fxg6 22.b3
Qa5 23.Rg1 Kh8 24.Rg5 Qa3 25.Qh2 e5 26.Rcg1 Nc6 27.Rxg6 exf4 28.Bc1 Qc5 29.e5
Nxe5 30.Re6 Bf6 31.Qh6 { 1-0, Sokolov Ivan 2656 - Xie Jun 2528 , Breda 1999 Ch
Netherlands (team) (play-off) } ) 16...b6 { N } ( 16...Nc5 17.Nc3 ( 17.Kh1
Rac8 18.Rg1 e6 19.Rg5 f6 20.Rg1 f5 21.exf5 gxf5 22.Nc3 Kh8 23.Nb5 Rcd8 24.Nxd6
Rxd6 25.Bxc5 Bd4 26.Bxd4+ Rxd4 27.Qg3 Qc7 28.Rce1 Rxc4 29.Rxe6 Nd4 30.Ree1 Rc6
31.Qf2 Rd8 32.Qxd4+ { 1-0, Zimmerman Yuri 2391 - Adams Phil 2138 , Port Erin
29. 9.2005 It (open) } ) 17...Na4 18.Nxa4 Qxa4 19.Rfd1 Rfd8 20.h4 Qb4 21.b3 a5
22.c5 a4 23.bxa4 dxc5 24.Bxc5 Qxa4 25.Rxd8+ Rxd8 26.Kg2 Bd4 27.Bxd4 Rxd4
28.Rc2 Rd7 29.Rd2 Rxd2 30.Qxd2 Qb5 31.Bd3 Qc5 32.Bf1 Nd4 33.a4 b6 34.Kg3 Ne6
35.Bh3 Qg1+ 36.Bg2 { ...0-1, Milos Gilberto 2605 - Peng Xiaomin 2490 ,
Groningen 1996 It (open) } ) ( 16...Rac8 17.a3 ( 17.Kh1 Qd8 18.Rg1 e6 19.b3
Nc5 20.Nc3 b6 21.f5 Ne5 22.Qe2 Re8 23.Rg3 Nc6 24.Qd2 Qf6 25.Kg2 a6 26.fxg6
fxg6 27.h4 Kh8 28.Ne2 e5 29.Nc3 Ne6 30.Nd5 Qxh4 31.Rh1 Qd8 32.Rxg6 Ncd4
33.Bxd4 Nxd4 34.Rxg7 Kxg7 35.Qh6+ Kg8 36.Qxh7+ { ...1-0, Gabriel Christian
2540 - Gallagher Joseph G 2520 , Switzerland 30. 9.2006 Ch Switzerland (team)
2006 } ) 17...Qh5 18.b4 e5 19.Kh1 Nd4 20.fxe5 dxe5 21.c5 f5 22.Bxd4 exd4
23.exf5 gxf5 24.Bc2 Nc3 25.Rg1 Rcd8 26.Nxc3 dxc3 27.Qg3 Qh6 28.Rce1 Kh8 29.Bb3
Rfe8 30.Qc7 Bd4 31.Rxe8+ Rxe8 32.Qd7 Qe3 33.Rf1 c2 34.Bxc2 Rg8 { 0-1, Vegh
Endre 2316 - Petrov Marijan 2451 , Gausdal 2001 It (cat.2) (a) } ) ( 16...b5
17.b3 Nc5 18.cxb5 Qxb5 19.Nc3 Qb7 20.e5 Rad8 21.Bxc5 dxc5 22.Be4 Qd7 23.Rfd1
Nd4 24.Nd5 Qh3 25.Rxc5 Ne6 26.Nxe7+ Kh8 27.Rxd8 Rxd8 28.Rd5 Re8 29.f5 Nf4
30.f6 Bf8 31.Rd2 Bxe7 32.fxe7 Rxe7 33.Qd4 Ne6 34.Qe3 Qh4 35.Bd5 Nf4 36.e6 {
...0-1, Kapnisis Spyridon 2427 - Kotronias Vasilios 2626 , Kalamata 18.11.2005
Ch Greece } ) ( 16...Rfc8 17.a3 Qh5 18.b4 a5 19.b5 Nb8 20.Kh1 Nd7 21.Bd3 Ndc5
22.Be2 Ne6 23.f5 gxf5 24.f4 Qh3 25.Rg1 Nac5 26.Nc3 Kh8 27.exf5 Qxf5 28.Bg4 Qd3
29.Nd5 Re8 30.f5 Nd4 31.f6 Qe4+ 32.Rg2 exf6 33.Rd1 Nde6 34.Nxf6 Qxc4 35.Nxe8
Rxe8 36.Qxf7 { ...1-0, Gabriel Christian 2575 - Relange Eloi 2505 , Pula 1997
Ch Europe (team) } ) ( 16...Qh5 17.b3 Nc5 18.Nc3 a5 19.Rfd1 Bxc3 20.Rxc3 b6
21.Rd5 Qh3 22.Rg5 Qh6 23.Kh1 a4 24.b4 Nxb4 25.f5 Qg7 26.Bd4 e5 27.fxe6 f6
28.Bxc5 bxc5 29.Rd5 Nxd5 30.exd5 f5 31.Qe1 Ra7 32.Bc2 Qd4 33.Bd3 Kg7 34.Bf1
Re8 35.Re3 Ree7 36.Bd3 { ...0-1, Matt Ramona - Micu Iulian 2269 , Techirghiol
1999 It (open) "Karacsony" } ) ( 16...e6 17.Kh1 Rad8 18.a3 Qh5 19.b4 d5 20.c5
d4 21.Bd2 d3 22.e5 f6 23.b5 Nd4 24.Rc4 fxe5 25.Rxa4 exf4 26.Nc3 Qxc5 27.Rb4
Qf5 28.a4 g5 29.Rg1 Qh3 30.Rxg5 Nxf3 31.Rg2 Nxd2 32.Qxd2 Qe3 { 0-1, Zimmerman
Yuri 2340 - Toth Andras 2330 , Budapest 1998 It (cat.7) } ) 17.a3 Qh5 18.b4 a5
19.b5 Nd8 20.Kh1 Nc5 21.f5 e6 22.Rg1 Bf6 23.Qg2 Nb3 24.Rc3 Nd4 25.f4 Ne2
26.Rd3 Nxg1 27.Bxg1 Rc8 28.Ne3 { ?! } ( 28.Qf1 { !? } 28...exf5 29.Rh3 Bh4
30.exf5 Re8 31.fxg6 { } ) 28...Bg7 { ?! } ( 28...Qh4 { !? } 29.Rxd6 Qxf4
30.Qg3 Qxg3 { } ) 29.Rxd6 Nb7 30.Rxb6 Nc5 31.Rd6 Qh4 32.Qf3 Qe7 { ? } (
32...Qe1 33.Qd1 Qc3 34.a4 Qb4 35.Bc2 Bh6 36.Qg4 Nxe4 { } ) 33.e5 gxf5 34.Bxf5
Qb7 35.Nd5 Kh8 36.Bg4 Na4 37.Ne3 Qxf3+ 38.Bxf3 Bh6 39.Rd4 { ?! } ( 39.b6 { !?
} 39...Bxf4 40.b7 Rb8 41.Nf1 Bxe5 42.Ra6 Nb2 43.Rxa5 Bc7 44.Bd4+ f6 45.Ra6
Nxc4 46.Rxe6 { } ) 39...Rfd8 40.Rxd8+ Rxd8 41.c5 Nxc5 42.Nc4 Nd7 43.Nd6 { ?! }
( 43.Be3 { !? } 43...Bf8 44.Nd6 Kg7 45.Bd4 Bxd6 46.exd6+ Kg6 47.Be4+ f5 48.Bc6
Nb8 49.Be5 Kf7 50.Kg2 { } ) 43...Kg7 44.Bc6 { ?! } ( 44.Nb7 { !? } 44...Rb8
45.Ba7 Rc8 46.Bc6 Nb8 47.Nd6 Rxc6 48.bxc6 Nxc6 49.Be3 Nxe5 50.Kg2 { } )
44...Bxf4 45.Nb7 Rb8 46.Ba7 Ra8 47.Bd4 Bxe5 48.Be3 Nf6 49.a4 Nd5 50.Bc5 Bc7
51.Nd6 Bxd6 52.Bxd6 Rc8 53.Bc5 Nb4 54.Bxb4 axb4 55.Be4 f5 56.Bd3 Rc3 { } {#R}
0-1

[Event "It (open)"]
[Site "masterchessopen.com Rewal (Poland)"]
[Date "2007.08.21"]
[Round "1"]
[White "Pazdziora Michal (POL)"]
[Black "Kielar Maciej (POL)"]
[Result "1/2-1/2"]
[WhiteElo "2172"]
[BlackElo "1985"]

1.d4 Nf6 2.c4 g6 3.Nc3 Bg7 4.e4 d6 5.f4 O-O 6.Nf3 c5 7.dxc5 Qa5 8.Bd3 Qxc5
9.Qe2 Nc6 10.Be3 Qa5 11.Rc1 Bg4 12.O-O Rac8 13.h3 Bxf3 14.Qxf3 Nd7 15.Qf2 Nb4
16.Be2 Nc5 17.Bxc5 Qxc5 18.Qxc5 dxc5 19.e5 Nc6 20.Bf3 Nd4 21.Bxb7 Rb8 22.Bf3
Rxb2 23.Rf2 Rfb8 24.Bd1 f6 25.exf6 Bxf6 26.Na4 Rb1 27.Rxb1 Rxb1 28.Rd2 Nf5
29.Kf2 Bd4+ 30.Kf3 Nd6 31.Bc2 Re1 32.Re2 Rxe2 33.Kxe2 Kg7 34.Kd3 Kf6 35.Nc3 e6
{#d} 1/2-1/2

[Event "It \"]
[Site "masterchessopen.com Alushta (Ukraine)"]
[Round "15"]
[White "Khudiakov Alexandr (UKR)"]
[Black "Harutjunyan Gevorg (ARM)"]
[Result "1-0"]
[WhiteElo "2166"]
[BlackElo "2380"]

1.d4 Nf6 2.c4 g6 3.Nc3 Bg7 4.e4 d6 5.f4 O-O 6.Nf3 c5 7.dxc5 Qa5 8.Bd3 Qxc5
9.Qe2 Nc6 10.Be3 Qa5 11.O-O Bg4 12.Rac1 Nd7 13.Qf2 Bxf3 14.gxf3 Rac8 15.Kh1
Nc5 16.Bb1 Qb4 17.Qe2 Ne6 18.a3 Qa5 19.Qf2 Qh5 20.Nd5 f5 21.exf5 gxf5 22.Rg1
Kh8 23.b4 Rf7 24.Rg3 Ne5 25.Qg2 Rxc4 26.fxe5 Rxc1+ 27.Bxc1 f4 28.Nxf4 Qxe5
29.Nxe6 Qxe6 30.Qc2 Bd4 31.Qe4 Qc4 32.Be3 e5 33.Bxd4 {#r} 1-0

[Event "Ch Region (1/2 final)"]
[Site "masterchessopen.com Lipetsk (Russia)"]
[Date "2007.10.03"]
[Round "4"]
[White "Shlyakova Elena (RUS)"]
[Black "Smolyaninova Marina (RUS)"]
[Result "0-1"]
[WhiteElo "2091"]
[BlackElo "1963"]

1.d4 Nf6 2.c4 g6 3.Nc3 Bg7 4.e4 d6 5.f4 O-O 6.Nf3 c5 7.dxc5 Qa5 8.Bd3 Qxc5
9.Qe2 Nc6 10.Be3 Qa5 11.Rd1 Ng4 12.Bd2 Qh5 13.Bb1 Nd4 14.Qd3 Nxf3+ 15.Qxf3 Bd4
16.Bc1 e5 17.Nd5 Qh4+ 18.g3 Qh3 19.Rd2 Be6 20.f5 Bxd5 21.exd5 Be3 22.Rc2 Bc5
23.Re2 Rac8 24.Bd3 b5 25.b3 bxc4 26.Bxc4 e4 27.Qf4 Rce8 28.a3 Re5 29.Rxe4 Qg2
{#R} 0-1

[Event "It \"]
[Site "masterchessopen.com Peterhof (Russia)"]
[Date "2008.01.07"]
[Round "7"]
[White "Rozum Ivan (RUS)"]
[Black "Borisova Elizaveta (RUS)"]
[Result "1-0"]
[WhiteElo "2439"]
[BlackElo "2267"]

1.d4 Nf6 2.c4 g6 3.Nc3 Bg7 4.e4 d6 5.f4 c5 6.dxc5 Qa5 7.Bd3 Qxc5 8.Nf3 O-O
9.Qe2 Nc6 10.Be3 Qa5 11.O-O Bg4 12.Qf2 Bxf3 13.gxf3 Nd7 14.Rac1 Qh5 15.Kh1 Nc5
16.Bb1 Bh6 17.Nd5 a5 18.Rg1 f5 19.exf5 Rxf5 20.Rg4 Rxd5 21.Rh4 Bg7 22.Rxh5
Rxh5 23.Rg1 Rf8 24.Qg2 e6 25.Rd1 Rd8 26.Qg4 Kf7 27.b3 b6 28.Re1 Re8 29.Qg2 Nd4
30.Rd1 e5 31.fxe5 Rhxe5 32.Be4 Nf5 33.Bf4 Nxe4 34.Bxe5 Ne3 35.Qe2 Nxd1 36.fxe4
Bxe5 37.Qxd1 Re6 38.Qg1 Bf4 39.Qxb6 g5 40.Qxa5 Rh6 41.Qf5+ Kg7 42.h3 Rf6
43.Qd7+ Rf7 44.Qd8 h5 45.Qa5 Be5 46.Qd2 Kg6 47.Qe2 Rf4 48.Kg2 g4 49.a4 g3
50.a5 Rf2+ 51.Qxf2 gxf2 52.b4 Bd4 53.e5 dxe5 54.c5 e4 55.a6 e3 56.Kf1 Kf5
57.a7 Ke4 58.a8=Q+ Kd3 59.Qa6+ {#r} 1-0

[Event "Ch Belarus (w)"]
[Site "masterchessopen.com Minsk (Belarus)"]
[Date "2008.03.15"]
[Round "6"]
[White "Minina Alena (BLR)"]
[Black "Gerasimovitch Olga (BLR)"]
[Result "0-1"]
[WhiteElo "2100"]
[BlackElo "2128"]

1.d4 Nf6 2.c4 g6 3.Nc3 Bg7 4.e4 d6 5.f4 O-O 6.Nf3 c5 7.dxc5 Qa5 8.Bd3 Qxc5
9.Qe2 Nc6 10.Be3 Qa5 11.O-O Bg4 12.Rac1 Nd7 13.Qf2 Bxf3 14.gxf3 Nc5 15.Bb1 Na4
16.Nxa4 Qxa4 17.b3 Qa5 18.Rcd1 Qc7 19.Qh4 Bf6 20.Qg4 a5 21.a4 Rad8 22.Kh1 e6
23.Qg1 Rd7 24.Bb6 Qc8 25.Rf2 Kh8 26.Rfd2 Qb8 27.e5 Be7 28.exd6 Rxd6 29.Rxd6
Bxd6 30.Be4 Bxf4 31.Bxc6 bxc6 32.Qc5 Rc8 33.Rd7 Kg8 34.Qe7 Rf8 35.Bc5 Bh6
36.Qf6 Bg7 37.Qg5 Re8 38.Bd6 Qxb3 39.Qf4 Qb1+ 40.Kg2 Qf5 41.Qd2 Be5 42.c5 Bf6
43.Qxa5 e5 44.Qc7 e4 45.f4 Qg4+ 46.Kf1 Qf3+ {#R} 0-1

[Event "Cup Macedonia (team)"]
[Site "masterchessopen.com Skopje (Macedonia)"]
[Date "2008.05.16"]
[Round "3"]
[White "Miskoski Misko (MKD)"]
[Black "Kacakovski Dimitar (MKD)"]
[Result "0-1"]
[WhiteElo "2018"]
[BlackElo "2190"]

1.d4 Nf6 2.c4 g6 3.Nc3 Bg7 4.e4 d6 5.f4 O-O 6.Nf3 c5 7.dxc5 Qa5 8.Bd3 Qxc5
9.Qe2 Nc6 10.Be3 Qa5 11.O-O Ng4 12.Bd2 Qb6+ 13.Kh1 Qxb2 14.Rab1 Qa3 15.Rb3 Qa5
16.Nb5 Qd8 17.h3 Nf6 18.Bb1 Nh5 19.Kh2 e5 20.f5 a6 21.Nc3 Nd4 22.Nxd4 exd4
23.Nd5 Be5+ 24.g3 b5 25.Kg2 Bd7 26.g4 bxc4 27.gxh5 cxb3 28.f6 Rb8 29.Bh6 Re8
30.hxg6 hxg6 31.Qe1 bxa2 32.Qh4 Rb2+ 33.Rf2 Rxf2+ 34.Kxf2 axb1=Q 35.Bg7 Qc2+
36.Ke1 Qa5+ {#R} 0-1

[Event "Ch Slovakia (juniors) (under 20)"]
[Site "masterchessopen.com Trencin (Slovakia)"]
[Date "2008.07.01"]
[Round "4"]
[White "Csiba Dominik (SVK)"]
[Black "Justus Ivan (SVK)"]
[Result "0-1"]
[WhiteElo "2169"]
[BlackElo "2174"]

1.d4 Nf6 2.c4 g6 3.Nc3 Bg7 4.e4 d6 5.f4 O-O 6.Nf3 c5 7.dxc5 Qa5 8.Bd3 Qxc5
9.Qe2 Nc6 10.Be3 Qa5 11.O-O Bg4 12.Rac1 Rfe8 13.h3 Bxf3 14.Qxf3 a6 15.a3 Nd7
16.e5 dxe5 17.f5 Nf6 18.fxg6 hxg6 19.g4 Rad8 20.Nd5 Rxd5 21.cxd5 Qxd5 22.Bc4
Qxf3 23.Rxf3 e4 24.Rf2 Ne5 25.g5 Nxc4 26.Rxc4 Nd5 27.Re2 f5 28.gxf6 exf6
29.Rd4 Nxe3 30.Rxe3 f5 31.Rb4 a5 {#R} 0-1

[Event "Ch Switzerland"]
[Site "masterchessopen.com Samnaun (Switzerland)"]
[Date "2008.07.10"]
[Round "1"]
[White "Gerber Richard (SUI)"]
[Black "Gallagher Joseph G (SUI)"]
[Result "1/2-1/2"]
[WhiteElo "2368"]
[BlackElo "2480"]

1.d4 Nf6 2.c4 g6 3.Nc3 Bg7 4.e4 d6 5.f4 O-O 6.Nf3 c5 7.dxc5 Qa5 8.Bd3 Qxc5
9.Qe2 Nc6 10.Be3 Qa5 11.O-O Bg4 12.Rac1 Nd7 13.Kh1 {#d} 1/2-1/2

[Event "Memorial M.Najdorf (open)"]
[Site "masterchessopen.com Warsaw (Poland)"]
[Date "2008.08.07"]
[Round "6"]
[White "Krasiewicz Robert (POL)"]
[Black "Solnicki Michal (POL)"]
[Result "1-0"]
[WhiteElo "2090"]
[BlackElo "2009"]

1.d4 Nf6 2.c4 g6 3.Nc3 Bg7 4.e4 d6 5.f4 O-O 6.Nf3 c5 7.dxc5 Qa5 8.Bd3 Qxc5
9.Qe2 Nc6 10.Be3 Qa5 11.O-O Ng4 12.Bd2 Nd4 13.Qe1 Nxf3+ 14.gxf3 Bd4+ 15.Kh1
Nxh2 16.Nd5 Qd8 17.Kxh2 Bxb2 18.Qh4 Bxa1 19.Nxe7+ Kg7 20.Rxa1 f6 21.Nd5 Be6
22.f5 g5 23.Rg1 Bxd5 24.exd5 Kh8 25.Qh6 Qe7 26.Rxg5 Rg8 27.Bc3 Raf8 28.Rg6
Rxg6 29.fxg6 Qg7 30.Qxh7+ Qxh7+ 31.gxh7 Kg7 32.Kg3 Kh6 33.Bxf6 {#r} 1-0

[Event "Ch Potiguar"]
[Site "masterchessopen.com Natal (Brazil)"]
[Date "2008.09.08"]
[Round "11"]
[White "Chellappa Thiago (BRA)"]
[Black "Macedo Maximo Valerio (BRA)"]
[Result "1-0"]
[WhiteElo "2036"]
[BlackElo "2134"]

1.d4 Nf6 2.c4 g6 3.Nc3 Bg7 4.e4 d6 5.f4 O-O 6.Nf3 c5 7.dxc5 Qa5 8.Bd3 Qxc5
9.Qe2 Nc6 10.Be3 Qa5 11.Rc1 Bd7 12.O-O Rfc8 13.Kh1 a6 14.Rfd1 e6 15.Bb1 Bf8
16.Rd2 Be8 17.a3 Qh5 18.b4 b5 19.cxb5 axb5 20.Ra2 Rab8 21.Bd3 Ng4 22.Bg1 Bh6
23.g3 Ne7 24.Rcc2 Bg7 25.Nb1 Rxc2 26.Rxc2 Rc8 27.Rxc8 Nxc8 28.Nd4 Bxd4 29.Bxd4
Bc6 30.Nc3 e5 31.Bg1 exf4 32.gxf4 Qh3 33.Nd5 f5 34.Nc3 Nf6 35.Bd4 Nxe4 36.Bxe4
fxe4 {#r} 1-0

[Event "Ch Commonwealth"]
[Site "masterchessopen.com Nagpur (India)"]
[Date "2008.10.01"]
[Round "5"]
[White "Swapnil S Dhopade (IND)"]
[Black "Shetty Pranav (IND)"]
[Result "0-1"]
[WhiteElo "2410"]
[BlackElo "1887"]

1.d4 Nf6 2.c4 g6 3.Nc3 Bg7 4.e4 d6 5.f4 O-O 6.Nf3 c5 7.dxc5 Qa5 8.Bd3 Qxc5
9.Qe2 Nc6 10.Be3 Qa5 11.Rc1 Bg4 12.O-O Nd7 13.Qf2 Bxf3 14.gxf3 Nc5 15.Bb1 Na4
16.Nd1 Rfc8 17.a3 e6 18.b4 Qd8 19.Kh1 a5 20.b5 Nb8 21.f5 Nd7 22.fxe6 fxe6
23.f4 Qe7 24.Qg2 Rf8 25.f5 Ne5 26.Bg5 Bf6 27.Bf4 Kh8 28.Ne3 Nc5 29.Rcd1 Rad8
30.Qh3 Rg8 31.Bg3 Bg5 32.Be1 b6 33.Bc3 Bf6 34.fxe6 Bg7 35.Nd5 Qxe6 36.Qxe6
Nxe6 37.Nxb6 Ng4 38.Bxa5 Rdf8 39.Kg1 Nf4 40.Nd5 Nxd5 41.exd5 Be5 42.h3 Ne3
43.Rxf8 Rxf8 44.Rc1 Bg3 {#R} 0-1

[Event "Olympiad (w)"]
[Site "masterchessopen.com Dresden (Germany)"]
[Date "2008.11.17"]
[Round "5"]
[White "Larrea Daniela (URU)"]
[Black "Pasku Roela (ALB)"]
[Result "0-1"]
[WhiteElo "1668"]
[BlackElo "1883"]

1.d4 Nf6 2.c4 g6 3.Nc3 Bg7 4.e4 d6 5.f4 c5 6.dxc5 Qa5 7.Bd3 Qxc5 8.Nf3 O-O
9.Qe2 Nc6 10.Be3 Qa5 11.O-O Ng4 12.Bc1 Qh5 13.h3 Nf6 14.a3 b6 15.Be3 Nd7
16.Rac1 f5 17.exf5 gxf5 18.Ng5 Qg6 19.b4 e5 20.Bb1 e4 21.h4 h6 22.Nh3 Nf6
23.Nd5 Kh8 24.Nxf6 Bxf6 25.Bf2 Rg8 26.Be1 Nd4 27.Qf2 e3 28.Qa2 e2 29.Rf2 Nf3+
30.Kh1 Qg3 {#R} 0-1

[Event "Ch Asia (juniors)"]
[Site "masterchessopen.com Chennai (India)"]
[Date "2008.12.06"]
[Round "1"]
[White "Swapnil S Dhopade (IND)"]
[Black "Pranav Shetty (IND)"]
[Result "1/2-1/2"]
[WhiteElo "2410"]
[BlackElo "2105"]

1.d4 Nf6 2.c4 g6 3.Nc3 Bg7 4.e4 d6 5.f4 O-O 6.Nf3 c5 7.dxc5 Qa5 8.Bd3 Qxc5
9.Qe2 Nc6 10.Be3 Qa5 11.Rc1 Bg4 12.O-O Nd7 13.Qf2 Bxf3 14.gxf3 Nc5 15.Bb1 Na4
16.Nd1 Rac8 17.a3 Qh5 18.b4 e5 19.Kh1 Nd4 20.Bd3 Rc7 21.f5 Qh3 22.f4 b5 23.Nc3
Nxc3 24.Rxc3 Nxf5 25.exf5 e4 26.Bd4 Bxd4 27.Qxd4 exd3 28.Qxd3 Qxd3 29.Rxd3
bxc4 30.Rxd6 gxf5 31.Rg1+ Kh8 32.Rd5 c3 33.Rc1 Rfc8 34.Rxf5 c2 35.Rg5 Rc3
36.Rg2 Rxa3 37.Rgxc2 Rxc2 {#d} 1/2-1/2

[Event "Memorial C.Torre (open)"]
[Site "masterchessopen.com Merida (Mexico)"]
[Date "2008.12.16"]
[Round "5"]
[White "Capo Vidal Uriel (MEX)"]
[Black "Gonzalez Chavez Emmanuel (MEX)"]
[Result "1-0"]
[WhiteElo "2340"]
[BlackElo "2126"]

1.d4 Nf6 2.c4 g6 3.Nc3 Bg7 4.e4 d6 5.f4 O-O 6.Nf3 c5 7.dxc5 Qa5 8.Bd3 Qxc5
9.Qe2 Nc6 10.Be3 Qa5 11.O-O Ng4 12.Bd2 Qh5 13.h3 Nd4 14.Nxd4 Bxd4+ 15.Kh1 Qh4
16.Be1 Qh6 17.Nd5 Re8 18.f5 Ne3 19.Nc7 gxf5 20.exf5 Bd7 21.Rf3 Bc6 22.Bd2 Bxf3
23.Qxf3 e5 24.Nxa8 e4 25.Bxe4 {#r} 1-0

[Event "It (open)"]
[Site "masterchessopen.com Zadar (Croatia)"]
[Date "2008.12.20"]
[Round "9"]
[White "Rezan Sasa (CRO)"]
[Black "Armanda Ivica (CRO)"]
[Result "1/2-1/2"]
[WhiteElo "2423"]
[BlackElo "2323"]

1.d4 Nf6 2.c4 g6 3.Nc3 Bg7 4.e4 d6 5.f4 O-O 6.Nf3 c5 7.dxc5 Qa5 8.Bd3 Qxc5
9.Qe2 Nc6 10.Be3 Qa5 11.O-O Be6 12.Kh1 {#d} 1/2-1/2

[Event "Czech League 2008/09 (2nd) (a)"]
[Site "masterchessopen.com Czech Republic"]
[Date "2008.12.21"]
[Round "5"]
[White "Trepka Jan (CZE)"]
[Black "Jonas Vaclav (CZE)"]
[Result "1-0"]
[WhiteElo "2118"]
[BlackElo "1987"]

1.d4 Nf6 2.c4 g6 3.Nc3 Bg7 4.e4 d6 5.f4 O-O 6.Nf3 c5 7.dxc5 Qa5 8.Bd3 Qxc5
9.Qe2 Nc6 10.Be3 Qa5 11.O-O Ng4 12.Rac1 Nxe3 13.Qxe3 Bg4 14.Kh1 Bxf3 15.Rxf3
Bxc3 16.bxc3 Qc5 17.Qd2 f6 18.Rb1 Na5 19.f5 g5 20.h4 h6 21.Rh3 Kg7 22.Qe2 Qc6
23.c5 a6 24.Rb6 Qxc5 25.Qh5 Rh8 26.hxg5 fxg5 27.Qg6+ Kf8 28.f6 Rg8 29.fxe7+
Kxe7 30.Qh7+ Ke6 31.Rxh6+ {#r} 1-0

[Event "It (open)"]
[Site "masterchessopen.com Pamplona (Spain)"]
[Date "2008.12.23"]
[Round "3"]
[White "Mellado Trivino Juan (AND)"]
[Black "Burguete Archel Eduardo (ESP)"]
[Result "1-0"]
[WhiteElo "2434"]
[BlackElo "2176"]

1.c4 Nf6 2.Nc3 g6 3.e4 d6 4.d4 Bg7 5.f4 c5 6.dxc5 Qa5 7.Bd3 Qxc5 8.Nf3 O-O
9.Qe2 Nc6 10.Be3 Qa5 11.Rc1 e5 12.O-O Ng4 13.Bd2 exf4 14.Bxf4 Nge5 15.Nxe5
Nxe5 16.b3 Qb6+ 17.Kh1 Qd8 18.Qd2 Be6 19.Be2 Qa5 20.Rfd1 a6 21.Nd5 Qxd2
22.Rxd2 f5 23.Nc7 Rae8 24.Nxe8 Rxe8 25.exf5 gxf5 26.Rxd6 Ng6 27.Bg5 h6 28.Bh5
hxg5 29.Bxg6 Bf7 30.Bxf7+ Kxf7 31.Rd7+ Kg6 32.Rxb7 g4 33.c5 Be5 34.c6 Bf4
35.Rf1 Kg5 36.c7 Rc8 37.g3 Be5 38.Rc1 f4 39.Rc5 Kf5 40.gxf4 Kxf4 41.Rc4+ Kg5
42.Rbb4 a5 {#r} 1-0

[Event "It (masters)"]
[Site "masterchessopen.com Hastings (England)"]
[Date "2008.12.30"]
[Round "3"]
[White "Capo Vidal Uriel (MEX)"]
[Black "Green Andrew (SCO)"]
[Result "0-1"]
[WhiteElo "2340"]
[BlackElo "2038"]

1.d4 Nf6 2.c4 g6 3.Nc3 Bg7 4.e4 d6 5.f4 O-O 6.Nf3 c5 7.dxc5 Qa5 8.Bd3 Qxc5
9.Qe2 Nc6 10.Be3 Qa5 11.O-O Bg4 12.Rac1 Nd7 13.Qf2 Bxf3 14.gxf3 Nc5 15.Bb1 Na4
16.Nd1 Rac8 17.a3 Qh5 18.b4 e5 19.f5 Nd4 20.Kh1 Nb3 21.Rc2 Nd4 22.Rd2 Nb6
23.Nb2 Nxc4 24.Nxc4 Rxc4 25.fxg6 hxg6 26.f4 Rc3 27.Rd3 Rxd3 28.Bxd3 Qh3 29.Bc4
b5 30.Bxd4 bxc4 31.fxe5 Bxe5 32.Rc1 Qxa3 33.Rxc4 Qd3 34.Bxe5 Qxc4 35.Bd4 f5
36.e5 Qd5+ 37.Qg2 Qxg2+ 38.Kxg2 dxe5 39.Bxa7 Kf7 40.b5 Ke6 41.Kf3 g5 42.h3 Kd5
43.Be3 e4+ {#R} 0-1

[Event "Ch Mediterranean"]
[Site "masterchessopen.com Antalya (Turkey)"]
[Date "2009.01.14"]
[Round "6"]
[White "El Gindy Essam (EGY)"]
[Black "Todorovic Jovan (SRB)"]
[Result "0-1"]
[WhiteElo "2499"]
[BlackElo "2392"]

1.d4 Nf6 2.c4 g6 3.Nc3 Bg7 4.e4 d6 5.f4 O-O 6.Nf3 c5 7.dxc5 Qa5 8.Bd3 Qxc5
9.Qe2 Nc6 10.Be3 Qa5 11.O-O Bg4 12.Rac1 Nd7 13.Qd2 Bxf3 14.Rxf3 Nc5 15.Bb1 Na4
16.Nxa4 Qxa4 17.Bf2 a5 18.a3 Rfc8 19.Rd3 Nd8 20.Ba2 Ne6 21.Re1 Nc5 22.Rd5 b5
23.Bxc5 Rxc5 24.cxb5 Qxb5 25.b4 axb4 26.axb4 Bc3 27.Rxc5 Qxc5+ 28.bxc5 Bxd2
29.Bd5 Rc8 30.Ra1 Rxc5 31.g3 e6 32.Bb3 Rc3 33.Bd1 Re3 34.Bc2 Re2 35.Bd3 Be3+
36.Kh1 Rd2 37.Bf1 h5 38.Re1 Bc5 39.Re2 Rd1 40.Kg2 Kg7 41.Rc2 Bd4 42.h4 Re1
43.Re2 Rc1 44.Rd2 Bc5 45.Be2 Rg1+ 46.Kf3 Bb4 47.Kf2 Rxg3 48.Kxg3 Bxd2 49.Bc4
Be1+ 50.Kh3 Kf6 51.Bb3 Ke7 52.Ba2 f6 53.Bb3 e5 54.fxe5 dxe5 55.Ba4 Kf7 56.Bb3+
Kg7 57.Be6 {#R} 0-1